Normale Ansicht MARC-Ansicht ISBD

Krasnyj dissident : (Titelsatznr. 34994)

[ MARC ]
MARC-Details
000 -Satzkennung
Kontrollfeld mit fester Länge 00727nam a22002051c 4500
001 - Kontrollnummer
Kontrollfeld a987680691
008 - Feld mit fester Länge zur physischen Beschreibung - Allgemeine Angaben
Kontrollfeld mit fester Länge 170629s1996 gw |||| 000u rus d
020 ## - Internationale Standardbuchnummer
Internationale Standardbuchnummer 5874440380
Verknüpfung 5-87444-038-0
041 ## - Sprachcode
Sprachcode des Textes/der Tonspur oder des separaten Titels rus
040 ## - Katalogisierungsquelle
Übertragungsstelle RU-10907106
003 - Kontrollnummer Identifier
Kontrollfeld RU-10907106
100 1# - Haupteintragung - Personenname
Personenname Rokitanskij, Jakov
245 00 - Titel
Titel Krasnyj dissident :
Zusatz zum Titel Akademik Rjazanov - opponent Lenina, žertva Stalina ; Biografičeskij očerk ; Dokumenty
246 10 - Titelvarianten
Hauptsachtitel/Kurztitel Roter Dissident : Akademiemitglied Rjasanow: Lenins Opponent - Stalins Opfer ; Biographische Skizze Dokumente
264 ## - Produktion, Veröffentlichung, Distribution, Herstellung und Urheberrechtsvermerk
Herstellungs-, Veröffentlichungs- Vertriebs-, Erzeugungsort Moskva :
Produzent, Herausgeber, Distributor, Hersteller Academia,
Datum der Herstellung, der Veröffentlichung, des Vertriebs oder des Urheberschutzvermerks 1996
300 ## - Physische Beschreibung
Umfang 464 S. Br.
490 #0 - Gesamttitelangabe
Gesamttitelangabe Vremena i nravy: Memuary, pis'ma, dnevniki
700 1# - Nebeneintragung - Personenname
Personenname Müller, Reinhard
Funktionsbezeichnung VerfasserIn
942 ## - Zusätzliche Felder (Koha)
Koha-Medientyp Monographien
Exemplare
Ausgeschieden Verloren Klassifikation oder Aufstellungssystematik Beschädigt Nicht entleihbar Heimatbibliothek Aufenthaltsbibliothek Aufstellungsort Erwerbungsdatum Inventarnummer Signatur Barcode Letzte Aktivität Preis gültig von Koha-Medientyp
    Andere/Generische Klassifikation     MWN Osteuropa MWN Osteuropa Magazin - 2 29/06/2017 17-03407 Ersatzß R 62 ej Rok E00401507902D9E5 23/02/2021 22/03/2021 Monographien